书目信息 |
| 题名: |
青春读写
|
|
| 作者: | 张晓郦 主编 | |
| 分册: | ||
| 出版信息: | 昆明 云南美术出版社 2022.06 |
|
| 页数: | 174页 | |
| 开本: | 24cm | |
| 丛书名: | 名师名校名校长书系 | |
| 单 册: | ||
| 中图分类: | G633.332 , G633.342 | |
| 科图分类: | ||
| 主题词: | 阅读课--教学研究--中学 , 作文课--教学研究--中学 | |
| 电子资源: | ||
| ISBN: | 978-7-5489-3900-9 | |
| 000 | 00894nam0 2200265 450 | |
| 001 | 012001003018 | |
| 005 | 20140203114848.0 | |
| 010 | @a978-7-5489-3900-9@dCNY45.00 | |
| 100 | @a20220905d2019 em y0chiy50 ea | |
| 101 | 0 | @achi |
| 102 | @aCN@b530000 | |
| 105 | @ay z 000yy | |
| 106 | @ar | |
| 200 | 1 | @a青春读写@Aqing chun du xie@f张晓郦主编 |
| 210 | @a昆明@c云南美术出版社@d2022.06 | |
| 215 | @a174页@d24cm | |
| 225 | 1 | @a名师名校名校长书系 |
| 330 | @a本书分为:快乐篇(包括“我的动力源”专题、“快乐”专题);故事篇(包括“遇见”专题、“发现”专题、“陪伴”专题、“岁月如歌”专题);成长篇(包括“内心”专题、“信心”专题、“成长”专题)。 | |
| 606 | 0 | @a阅读课@x教学研究@x中学 |
| 606 | 0 | @a作文课@x教学研究@x中学 |
| 690 | @aG633.332@v5 | |
| 690 | @aG633.342@v5 | |
| 701 | 0 | @a张晓郦@Azhang xiao li@4主编 |
| 801 | 0 | @aCN@bAHXH@c20221111 |
| 905 | @b1375552-6@dG633.332@e1076@f5 | |
| 青春读写/张晓郦主编.-昆明:云南美术出版社,2022.06 |
| 174页;24cm.-(名师名校名校长书系) |
| ISBN 978-7-5489-3900-9:CNY45.00 |
| 本书分为:快乐篇(包括“我的动力源”专题、“快乐”专题);故事篇(包括“遇见”专题、“发现”专题、“陪伴”专题、“岁月如歌”专题);成长篇(包括“内心”专题、“信心”专题、“成长”专题)。 |
| ● |
| 相关链接 |
|
|
|
|
正题名:青春读写
索取号:G633.332/1076
 
预约/预借
| 序号 | 登录号 | 条形码 | 馆藏地/架位号 | 状态 | 备注 |
| 1 | 1375552 | 213755523 | 第一样本阅览室/ [索取号:G633.332/1076] | 在馆 | |
| 2 | 1375553 | 213755532 | 教育系资料室/ [索取号:G633.332/1076] | 在馆 | |
| 3 | 1375554 | 213755541 | 教育系资料室/ [索取号:G633.332/1076] | 在馆 | |
| 4 | 1375555 | 213755550 | 第四借阅区/ [索取号:G633.332/1076] | 在馆 | |
| 5 | 1375556 | 213755569 | 第四借阅区/ [索取号:G633.332/1076] | 在馆 |